000 00589nam a2200193 a 4500
001 000022698
005 20200930021738.0
008 101115s1987 cu r 000 | spa d
040 _aDO-SdBNP
_bspa
_cBNPHU
082 _aCu862.44
_bM778c
100 1 _aMontero, Reinaldo
_946666
245 1 0 _aCon tus palabras /
_creinaldo Montero; edición, Nancy Morejón.
260 _aLa Habana :
_bUnión,
_c1987.
300 _a127 p. ;
_c18 cm.
586 _aPremio David teatro, 1984
650 4 _aTeatro cubano
_924517
650 4 _aLiteratura cubana
_91483
700 1 _aMorejón, Nancy
_eed.
_913340
999 _c22195
_d22195